00849nam a2200217Ia 4500952009500000999001700095005001700112008004100129020001800170050001900188100003400207245009400241250001900335260002900354300001800383490004800401519010200449650003800551650003500589942000700624 00104070a19b19d2014-10-13l0oF1230 L5 2012p19 001848r2014-10-13t1w2014-10-13yLB c94607d9460720231102151739.0141013s2012 mx ah|| |||| 000 0 spa d a9789703244690 aF1230bL5 2012 aLeon Portilla, Miguel.eautor aVisión de los vencidosb Relaciones indígenas de la conquistacMiguel León Portilla a5a edición. aMéxicob: UNAMc, 2012 a312 páginas aBiblioteca del estudiante universitario: 81 aMaterial Complementario / bPedagogía / cHistoria de la educación II (B12-4) / d(19 001848) a1. Nahuatl - Textos - Conquista a2. Mexico- Historia- Conquista cLB